| 000 | 00585cam a2200217 i 4500 | ||
|---|---|---|---|
| 001 | 326344 | ||
| 005 | 20171221034342.0 | ||
| 008 | 750218s1975 mdua b 001 0 eng | ||
| 010 | _a 75005568 | ||
| 020 |
_a0061427799 : _c$75.00 |
||
| 040 |
_aDLC _cDLC _dDLC |
||
| 041 | _aeng | ||
| 080 | _a617.71 MYR | ||
| 082 | 0 | 0 |
_a617.71 MYR _219 |
| 100 | 1 | _a9 | |
| 101 | _aPAT | ||
| 245 | 1 | 0 |
_aOcular pathology : _cMyron Yanoff, Ben S. Fine. |
| 504 | _aIncludes bibliographies and index. | ||
| 906 |
_a7 _bcbc _corignew _d1 _eocip _f19 _gy-gencatlg |
||
| 942 |
_2ddc _cBK |
||
| 999 |
_c39256 _d39256 |
||